000 00432nam a22001817a 4500
999 _c11296
_d11296
003 OSt
008 220610b ||||| |||| 00| 0 eng d
020 _a9788131799437
082 _a005.12 DAD
100 _aDAVE, Prag Himanshu
245 _aDesign and Analysis of Algorithms
250 _a2nd
260 _anoida
_bPearson
_c2013
300 _a1073
650 _aCSE
700 _aDAVE, Himanshu Bhalchandra
942 _2ddc
_cBK